Animals of Farthing Wood Characters - Statistics

General Stats
  • This quiz has been taken 91 times
  • The average score is 20 of 43
Answer Stats
Hint Character % Correct
The leader of Farthing Wood animals Fox
94%
Old animal who knows everyone in Farthing Wood Badger
90%
Noisy animal with a distinctive laugh Weasel
90%
The wisest of Farthing Wood animals Owl
88%
A vicious snake Adder
86%
A small animal who likes to dig and eat worms Mole
86%
The guide of Farthing Wood animals on their journey Toad
82%
A predatory bird who often serves as a lookout Kestrel
71%
The mate of Farthing Wood leader Vixen
69%
A game bird who's afraid of getting shot Mr. Pheasant
63%
The leader of blue foxes Scarface
63%
The brave cub of Farthing Wood leader Bold
59%
Male heron who is bad at landing Whistler
55%
The absent-minded cub of Farthing Wood leader Dreamer
53%
The charming cub of the Farthing Wood leader Charmer
49%
A male weasel Measley
49%
The honest cub of Farthing Wood leader Friendly
47%
Likes to say "Don't panic" Mrs. Rabbit
47%
Defends the smaller animals' rights Mr. Vole
47%
The leader of the rat army Bully
45%
The leader of White Deer Park animals Great White Stag
45%
The mate of the above Lady Blue
45%
A young mole Mossy
45%
The son of the blue foxes' leader Ranger
43%
A human caretaker of White Deer Park Warden
39%
A female badger Shadow
37%
A male snake Sinuous
37%
A female heron Speedy
33%
The bad-tempered deer Trey
31%
The mate of the brave cub Whisper
29%
The female baby weasel Cleo
27%
An avian friend of the brave cub Crow
24%
The daughter of Hare Dash
24%
The son of the brave cub Plucky
24%
A dog who thinks he's good for nothing Rollo
24%
A rat who spies on Farthing Wood animals Spike
24%
Brother of the above Bounder
22%
The male baby weasel Fido
22%
A kind male badger Hurkel
22%
A female toad Paddock
20%
A male owl Hollow
14%
The second-in-command of the above Brat
10%
The successor of the bad-tempered deer Laird
10%
No matching quizzes found
Score Distribution
Percent of People with Each Score
Percentile by Number Answered
Your Score History
You have not taken this quiz